00916nam a2200205 a 450000100100000000500170001000800410002702000150006804000250008308200160010810000330012424501040015726000400026130000200030104900090032195201290033095201200045995201140057999900170069300001660920200929164933.0100308s2006 dr 001 0 spa d a9993458392 aDO-SdBNPbspacBNPHU axxxxbO775o1 aOrtíz M., José A.93690410aOportunidades de negocio e inversión SBPTS :bpro creatividad empresarial /cJosé A. Ortíz M. aSanto Domingo :bCentenario,c2006. a63 p. ;c14 cm. aBNPD 001054708DSaGRbGRcCTd2010-03-08iLF1l0oxxxx O775op16609-30r2020-06-25te. 3w2020-06-25yLFDSZPréstamo en sala 0010718PDaPDbPDcCTd2010-03-08iLF1l0oxxxx O775op16609-10r2020-06-25te. 2w2020-06-25yLFPDZNo se presta 0010718PDaPDbPDcCTd2010-03-08iLF1l0oxxxx O775op16609-20r2020-06-25w2020-06-25yLFPDZNo se presta c16142d16142